Dos praelegata. Contributo alla storia del prelegato romano

Saved in:
Bibliografiske detaljer
Hovedforfatter: Palazzolo, Nicola (autore)
Format: Bog
Sprog:italiensk
Udgivet: Milán Dott. A. Giuffrè 1968
Serier:Pubblicazioni della Facoltà di Giurisprudenza, 58
Fag:
Tags: Tilføj Tag
Ingen Tags, Vær først til at tagge denne postø!

MARC

LEADER 00000nam a2200000 a 4500
001 UCR0973
003 CL-VaPUC
008 971205e19680000IT |||||||||||||||||ita|d
082 0 4 |a 340.54  |b PAL  |2 21 
100 |a Palazzolo, Nicola  |e autore  |9 546294 
245 1 0 |a Dos praelegata. Contributo alla storia del prelegato romano 
300 |a 254 p 
942 |c BK 
945 |d 19971205 00:00:00  |a aolguin 
260 |a Milán  |b Dott. A. Giuffrè  |c 1968 
650 0 |a Derecho romano  |9 255930 
650 0 |a Derecho sucesorio (Derecho romano)  |9 872235 
650 0 |a Historia  |9 255047 
650 7 |a LEGADO  |2 CL-VaPUC  |9 397659 
650 0 |a Dote  |9 397660 
650 0 |a Herencia  |9 256325 
650 0 |a Derecho justiniano  |9 397596 
583 |a last modification  |c 19971205 00:00:00  |k Rodrigo Vera 
490 0 |a Pubblicazioni della Facoltà di Giurisprudenza, 58 
999 |c 264470  |d 264468 
952 |0 0  |1 0  |4 0  |6 340_540000000000000_PAL_1968  |7 0  |8 DER_ROM  |9 294748  |a BIBDER  |b BIBDER  |d 2019-11-19  |i 1909207  |o 340.54 PAL 1968  |p 1909207  |r 2023-01-25  |w 2019-11-19  |x Ubicación 4to piso  |y BK  |z Este recurso debe solicitarse con anticipación  |k DER